Most Populous Cities In The Uk - Statistics

General Stats
  • This quiz has been taken 885 times
    467 since last reset
  • The average score is 11 of 15
Answer Stats
Population City % Correct
7,556,900 London
100%
395,515 Manchester
97%
984,333 Birmingham
93%
864,122 Liverpool
93%
591,620 Glasgow
92%
464,990 Edinburgh
91%
455,123 Leeds
86%
447,287 Cardiff
80%
617,280 Bristol
75%
685,368 Sheffield
70%
729,977 Nottingham
64%
508,916 Leicester
59%
359,262 Coventry
44%
372,775 Stoke-on-Trent
30%
335,415 Sunderland
28%
No matching quizzes found
Score Distribution
Percent of People with Each Score
Percentile by Number Answered
Your Score History
You have not taken this quiz since the last reset